000 00231nam a2200097Ia 4500
001 925518
005 20250826191541.0
008 250824s9999 xx 000 0 und d
245 0 _aTURNUVA
_cMATTHEW REILLY
260 _bPANAMA YAYINLARI
999 _c925518
_d925518